00908cam a2200241 a 450000100100000000500170001000800410002704000290006804100380009708200150013510000390015024000330018924500730022226000430029530000210033853400550035965000220041470000510043691000340048704900090052195201190053099900170064900001526820250225110539.0830808s1942 ag 000 0 spa d aDO-SdBNPbspacLCdBNPHU17aspaheng2Código de idioma MARC a570bH986h1 aHuxley, Julian,d1887-1975.934543 0aMan stands alone.lEspañol13aEl hombre está solo /cJulian Huxley ; traducción C. A. Jordana. aBuenos Aires :bSudamericana,c[1942]. a322 p. ;c21 cm. aTítulo del original inglés :tMan stands alone 0aBiología9272591 aJordana, Cesar-August,d1893-1960,etr.934544 aCatalogación por copia / LC aBNGR 001054708MOaGRbGRcCTd2010-02-03iLF1l0o570 H986hp15268-10r2020-06-25w2020-06-25y4ZPréstamo en sala c14834d14834